[Event "Roquetas de Mar op 33rd"]
[Site "Roquetas de Mar"]
[Date "2022.01.08"]
[Round "7"]
[White "Popovic, Dusan"]
[Black "Winkel, Peter"]
[Result "1-0"]
[WhiteElo "2468"]
[BlackElo "2272"]
[PlyCount "53"]
[EventDate "2022.01.04"]
[EventType "swiss"]
[EventRounds "9"]
[EventCountry "ESP"]
[SourceTitle "EXT 2023"]
[Source "ChessBase"]
[SourceDate "2022.10.05"]
[SourceVersion "1"]
[SourceVersionDate "2022.10.05"]
[SourceQuality "1"]

1. e4 e6 2. d4 d5 3. Nc3 Nc6 4. Nf3 Nf6 5. Bg5 Be7 6. e5 Ne4 7. Bxe7 Qxe7 8. Bd3 Qb4 9. 0-0 Nxc3 10. bxc3 Qxc3 11. Rb1 Qa3 12. Qd2 Qe7 13. Rfc1 0-0 14. c4 Rd8 15. c5 Rb8 16. Rb3 Bd7 17. Bxh7+ Kxh7 18. Ng5+ Kg8 19. Rh3 f5 20. Qf4 g6 21. Rh6 Qg7 22. Qh4 Nxd4 23. Re1 Nc2 24. Rh7 Be8 25. Rxg7+ Kxg7 26. Qh7+ Kf8 27. Nxe6# 1-0

[Event "Bad Woerishofen op 36th"]
[Site "Bad Woerishofen"]
[Date "2020.03.14"]
[Round "9"]
[White "Assaubayeva, Bibissara"]
[Black "Winkel, Peter"]
[Result "1/2-1/2"]
[WhiteElo "2370"]
[BlackElo "2167"]
[PlyCount "46"]
[EventDate "2020.03.06"]
[EventType "swiss"]
[EventRounds "9"]
[EventCountry "GER"]
[SourceTitle "CBM 195 Extra"]
[Source "ChessBase"]
[SourceDate "2020.05.31"]
[SourceVersion "1"]
[SourceVersionDate "2020.05.31"]
[SourceQuality "1"]

1. d4 d5 2. c4 e6 3. Nf3 Nf6 4. Nc3 Be7 5. Bf4 0-0 6. e3 b6 7. Qc2 Ba6 8. 0-0-0 dxc4 9. Ng5 Nc6 10. a3 g6 11. h4 Nd5 12. Nxd5 exd5 13. Be2 b5 14. Nxh7 Kxh7 15. h5 Kg7 16. hxg6 Rh8 17. Qf5 fxg6 18. Qe6 Bb7 19. Rxh8 Qxh8 20. Qxd5 a6 21. g4 Bd6 22. Bxd6 cxd6 23. Qxd6 Qf8 1/2-1/2

[Event "Bad Woerishofen op 36th"]
[Site "Bad Woerishofen"]
[Date "2020.03.09"]
[Round "4"]
[White "Winkel, Peter"]
[Black "Fischer, Julie"]
[Result "1-0"]
[WhiteElo "2167"]
[BlackElo "2059"]
[PlyCount "63"]
[EventDate "2020.03.06"]
[EventType "swiss"]
[EventRounds "9"]
[EventCountry "GER"]
[SourceTitle "CBM 195 Extra"]
[Source "ChessBase"]
[SourceDate "2020.05.31"]
[SourceVersion "1"]
[SourceVersionDate "2020.05.31"]
[SourceQuality "1"]

1. d4 Nf6 2. Nf3 g6 3. g3 Bg7 4. Bg2 0-0 5. 0-0 c6 6. b3 d6 7. Bb2 Bf5 8. Nbd2 Qc8 9. Re1 d5 10. c4 Ne4 11. Nh4 Ng5 12. cxd5 cxd5 13. Bxd5 Nh3+ 14. Kg2 Bc2 15. Rc1 Nf4+ 16. Kh1 Bxd1 17. Rxc8 Rxc8 18. Bxb7 Rc2 19. Rxd1 Ne6 20. Nc4 Nc7 21. Rd2 Rxd2 22. Nxd2 Nc6 23. Bxc6 Rd8 24. Nhf3 Rd6 25. Be4 Ne6 26. e3 Kf8 27. Kg2 Ke8 28. Kf1 Kd7 29. Nc4 Ra6 30. a4 Kc7 31. a5 Nc5 32. dxc5 1-0

[Event "Goch op 27th"]
[Site "Goch"]
[Date "2016.09.04"]
[Round "6"]
[White "Beerdsen, Thomas"]
[Black "Winkel, Peter"]
[Result "1-0"]
[WhiteElo "2402"]
[BlackElo "2170"]
[PlyCount "37"]
[EventDate "2016.09.01"]
[EventType "swiss"]
[EventRounds "7"]
[EventCountry "GER"]
[SourceTitle "EXT 2018"]
[Source "ChessBase"]
[SourceDate "2017.10.13"]
[SourceVersion "1"]
[SourceVersionDate "2017.10.13"]
[SourceQuality "1"]

1. e4 e5 2. Nf3 Nc6 3. Bb5 a6 4. Ba4 Nf6 5. d3 b5 6. Bb3 Bc5 7. Nc3 d6 8. Nd5 h6 9. c3 0-0 10. Nxf6+ Qxf6 11. Bd5 Bd7 12. Rg1 Kh7 13. g4 Qd8 14. g5 h5 15. Nd4 Bxd4 16. Qxh5+ Kg8 17. g6 Bxf2+ 18. Kxf2 Qf6+ 19. Ke1 1-0

[Event "Goch op 27th"]
[Site "Goch"]
[Date "2016.09.04"]
[Round "7"]
[White "Winkel, Peter"]
[Black "Gross, Karl"]
[Result "1/2-1/2"]
[WhiteElo "2170"]
[BlackElo "1996"]
[PlyCount "70"]
[EventDate "2016.09.01"]
[EventType "swiss"]
[EventRounds "7"]
[EventCountry "GER"]
[SourceTitle "EXT 2018"]
[Source "ChessBase"]
[SourceDate "2017.10.13"]
[SourceVersion "1"]
[SourceVersionDate "2017.10.13"]
[SourceQuality "1"]

1. d4 Nf6 2. c4 d6 3. Nf3 g6 4. Nc3 Nbd7 5. e4 e5 6. Be2 Bg7 7. 0-0 0-0 8. Rb1 exd4 9. Nxd4 h6 10. Be3 Re8 11. f3 a5 12. Qd2 Kh7 13. Ndb5 Bf8 14. Rfd1 Re6 15. Nd4 Re8 16. b3 Ne5 17. a3 Bd7 18. Bf1 Nc6 19. Ndb5 Rc8 20. Nd5 Nxd5 21. cxd5 Ne5 22. Qxa5 f5 23. Qd2 fxe4 24. fxe4 Ng4 25. Nc3 Bg7 26. Bd4 Qh4 27. h3 Ne5 28. Qf2 Qe7 29. Be2 Rf8 30. Qe3 Bf6 31. Rf1 Bg5 32. Qg3 Bh4 33. Qe3 Bg5 34. Qg3 Bh4 35. Qe3 Bg5 1/2-1/2

[Event "Goch op 27th"]
[Site "Goch"]
[Date "2016.09.03"]
[Round "5"]
[White "Winkel, Peter"]
[Black "Guelsen, Taylan"]
[Result "1-0"]
[WhiteElo "2170"]
[BlackElo "2072"]
[PlyCount "107"]
[EventDate "2016.09.01"]
[EventType "swiss"]
[EventRounds "7"]
[EventCountry "GER"]
[SourceTitle "EXT 2018"]
[Source "ChessBase"]
[SourceDate "2017.10.13"]
[SourceVersion "1"]
[SourceVersionDate "2017.10.13"]
[SourceQuality "1"]

1. Nf3 d5 2. d4 e6 3. c4 c6 4. e3 Bd6 5. Bd3 f5 6. 0-0 Nf6 7. b3 0-0 8. Ba3 Qe7 9. Bxd6 Qxd6 10. Nbd2 Ne4 11. Ne5 Nd7 12. Ndf3 Ndf6 13. Qc2 Bd7 14. Rab1 Be8 15. b4 Bh5 16. b5 Bxf3 17. gxf3 Nc5 18. f4 Nxd3 19. Qxd3 c5 20. cxd5 cxd4 21. dxe6 Qxe6 22. Qxd4 Rfd8 23. Qc4 Nd5 24. Rfd1 Rac8 25. Qb3 g5 26. Rd4 gxf4 27. exf4 Kh8 28. Rbd1 Rc3 29. Qxc3 Rg8+ 30. Qg3 Nxf4 31. Nf7+ Qxf7 32. Rxf4 Rxg3+ 33. hxg3 Qxa2 34. Rxf5 Kg7 35. Rfd5 a5 36. bxa6 bxa6 37. R5d2 Qa3 38. Rd7+ Kg6 39. R7d3 Qa2 40. Rd6+ Kf5 41. R1d5+ Ke4 42. Rd4+ Ke5 43. Rd7 Qb1+ 44. Rd1 Qb3 45. R7d3 Qa2 46. Re3+ Kf5 47. Rf3+ Ke6 48. Rdd3 Qb1+ 49. Kg2 Qb7 50. Rb3 Qa8 51. Ra3 a5 52. Kh2 Qd5 53. Rae3+ Kd6 54. Rd3 1-0

[Event "Goch op 27th"]
[Site "Goch"]
[Date "2016.09.02"]
[Round "3"]
[White "Winkel, Peter"]
[Black "Kuehn, Patrick1111"]
[Result "1-0"]
[WhiteElo "2170"]
[BlackElo "1938"]
[PlyCount "81"]
[EventDate "2016.09.01"]
[EventType "swiss"]
[EventRounds "7"]
[EventCountry "GER"]
[SourceTitle "EXT 2018"]
[Source "ChessBase"]
[SourceDate "2017.10.13"]
[SourceVersion "1"]
[SourceVersionDate "2017.10.13"]
[SourceQuality "1"]

1. Nf3 Nf6 2. c4 g6 3. b4 Bg7 4. Bb2 0-0 5. e3 d6 6. d4 Nbd7 7. Be2 Re8 8. 0-0 e5 9. Nc3 e4 10. Nd2 Nf8 11. Qc2 Bf5 12. Rac1 h5 13. Rfd1 h4 14. h3 Qd7 15. d5 N8h7 16. c5 a6 17. c6 Qc8 18. cxb7 Qxb7 19. b5 a5 20. b6 cxb6 21. Bb5 Bd7 22. Nc4 Bf8 23. Ba3 Qb8 24. Bxd7 Nxd7 25. Nxe4 Nc5 26. Bxc5 bxc5 27. Rb1 Qc7 28. Rb6 Rad8 29. Rdb1 Rb8 30. Rxb8 Rxb8 31. Rxb8 Qxb8 32. Nxa5 Qb4 33. Nc4 f5 34. Nexd6 Qb8 35. Nxf5 gxf5 36. Qxf5 Bg7 37. d6 Nf6 38. Qxc5 Qb1+ 39. Kh2 Ne4 40. Qd5+ Kf8 41. d7 1-0

[Event "Dortmund Sparkassen op-A"]
[Site "Dortmund"]
[Date "2015.06.30"]
[Round "4"]
[White "Winkel, Peter"]
[Black "Bub, Volker"]
[Result "1-0"]
[WhiteElo "1826"]
[BlackElo "2083"]
[PlyCount "79"]
[EventDate "2015.06.27"]
[EventType "swiss"]
[EventRounds "9"]
[EventCountry "GER"]
[SourceTitle "CBM 167 Extra"]
[Source "ChessBase"]
[SourceDate "2015.09.14"]
[SourceVersion "1"]
[SourceVersionDate "2015.09.14"]
[SourceQuality "1"]

1. d4 f5 2. g3 Nf6 3. Bg2 g6 4. Nf3 Bg7 5. 0-0 0-0 6. c4 d6 7. Nc3 c6 8. Re1 Qe8 9. h3 Ne4 10. Qd3 Na6 11. a3 Nxc3 12. bxc3 e5 13. e4 d5 14. cxd5 cxd5 15. exd5 e4 16. Qc4 h6 17. Ne5 Bd7 18. Nxd7 Qxd7 19. d6+ Kh7 20. Bf4 Rac8 21. Qb3 Rc6 22. f3 Rfc8 23. fxe4 Rxc3 24. Qd5 g5 25. Be5 R8c5 26. dxc5 Rxc5 27. Bxg7 Rxd5 28. exd5 Qxd6 29. Be5 Qb6+ 30. Kh2 Nc5 31. Bd4 Qd6 32. Bxc5 Qxc5 33. Rad1 f4 34. d6 Qxa3 35. gxf4 gxf4 36. Rf1 Qg3+ 37. Kh1 Qg5 38. d7 Qd8 39. Rxf4 Kg6 40. Rc4 1-0